Library of the University of Algiers 3
Ibrahim Sultan Cheibout
شعار جامعة الجزائر 3
مكتبة جامعة الجزائر 3
إبراهيم سلطان شيبوط

المشكلات العلمية في القبض والتفتيش والدفوع والبطلان في ضوء الفقه-أحكام النقض-محاكم الجنايات والتعليمات العامة للنيابات. / (رقم التسجيلة. 42449)

تفاصيل مارك
000 -LEADER
fixed length control field 01500nam a2200217Ia 4500
003 - CONTROL NUMBER IDENTIFIER
control field Ost
005 - DATE AND TIME OF LATEST TRANSACTION
control field 20260507075035.0
008 - FIXED-LENGTH DATA ELEMENTS--GENERAL INFORMATION
fixed length control field 260507s9999||||xx |||||||||||||| ||und||
020 ## - INTERNATIONAL STANDARD BOOK NUMBER
International Standard Book Number 2715312977
040 ## - CATALOGING SOURCE
Transcribing agency fsecg
041 ## - LANGUAGE CODE
Language code of text/sound track or separate title ara
082 ## - DEWEY DECIMAL CLASSIFICATION NUMBER
Classification number 330
100 ## - MAIN ENTRY--PERSONAL NAME
Personal name هرجة، مجدي مصطفى
Relator term مؤلف
245 #0 - TITLE STATEMENT
Title المشكلات العلمية في القبض والتفتيش والدفوع والبطلان في ضوء الفقه-أحكام النقض-محاكم الجنايات والتعليمات العامة للنيابات. /
Statement of responsibility, etc. مجدي مصطفى هرجة
260 ## - PUBLICATION, DISTRIBUTION, ETC.
Place of publication, distribution, etc. القاهرة:
Name of publisher, distributor, etc. دار محمود للنشر والتوزيع,
Date of publication, distribution, etc. 2003
300 ## - PHYSICAL DESCRIPTION
Extent 233 صفحة؛
Other physical details إيضاحات ؛
Dimensions 24 سم
520 ## - SUMMARY, ETC.
Summary, etc. القبض ومشكلات العلمية والدفوع المتعلقة به- تعريف القبض ومدلوله- القبض والإجراءات المشابهة- الجهات المختصة بإصدار أوامر القبض وحالات إصدارها- القبض بمعرفة مأموري الضبط القضائي- القبض بمعرفة سلطة التحقيق- القبض بمعرفة المحكمة- المبادئ العامة في أوامر القبض- الدفوع المتعلقة بالقبض- التفتيش ومشكلاته العملية والدفوع المتعلقة به- تعريف التفتيش وأنواعه- تفتيش الاشخاص
653 ## - INDEX TERM--UNCONTROLLED
Uncontrolled term المعاملات
653 ## - INDEX TERM--UNCONTROLLED
Uncontrolled term حسابات القبض
942 ## - ADDED ENTRY ELEMENTS (KOHA)
Koha item type كتب
المقتنيات
Withdrawn status Lost status Source of classification or shelving scheme Damaged status Not for loan Home library Current library Date acquired Serial enumeration / chronology Inventory number Total checkouts Full call number Barcode Date last seen Price effective from Koha item type
    Dewey Decimal Classification   NOT LOAN / إعارة داخلية مكتبة كلية العلوم الإقتصادية والعلوم التجارية وعلوم التسيير مكتبة كلية العلوم الإقتصادية والعلوم التجارية وعلوم التسيير 07/05/2026 الطابق الأرضي 1/294   أ/294ن1 1/294 07/05/2026 07/05/2026 كتب
    Dewey Decimal Classification   Available مكتبة كلية العلوم الإقتصادية والعلوم التجارية وعلوم التسيير مكتبة كلية العلوم الإقتصادية والعلوم التجارية وعلوم التسيير 07/05/2026 الطابق الأرضي 2/294   أ/294ن2 2/294 07/05/2026 07/05/2026 كتب
    Dewey Decimal Classification   Available مكتبة كلية العلوم الإقتصادية والعلوم التجارية وعلوم التسيير مكتبة كلية العلوم الإقتصادية والعلوم التجارية وعلوم التسيير 07/05/2026 الطابق الأرضي 3/294   أ/294ن3 3/294 07/05/2026 07/05/2026 كتب
    Dewey Decimal Classification   Available مكتبة كلية العلوم الإقتصادية والعلوم التجارية وعلوم التسيير مكتبة كلية العلوم الإقتصادية والعلوم التجارية وعلوم التسيير 07/05/2026 الطابق الثاني 4/294   أ/294ن4 4/294 07/05/2026 07/05/2026 كتب

موارد الويب المفتوحة


© University of Algiers 3 All Rights Reserved
|
Implemented by LECHELAH Riad